00958nam a2200193Ia 4500001001100000003001000011008004100021040002500062041001300087100002300100245007900123250001100202260005200213300001100265500017800276501011400454520017800568650001800746L262-19328IT-CnALBA170116s9999||||xx |||||||||||||| ||und|| aIT-CnALBAcIT-CnALBA aITALIANO aPIO XI, PAPA RATTI 0aLA SITUAZIONE DELLA CHIESA CATTOLICA NEL REICH GERMANICO. ENCICLICA 1937.  a1a ed. aPADOVA - VCbGREGORIANA LIBRERIA EDITRICEcn.d. a32 p.  aIL CONCORDATO. FEDE IN DIO, GESÙ CRISTO, CHIESA, PRIMATO DI PIETRO. DOTTRINA E ORDINE MORALE. DIRITTO NATURALE. ESORTAZIONE ALLA GIOVENTÙ, SACERDOTI, RELIGIOSI, FEDELI.  aSocietà San Paolo EM - Piazza San Paolo, 14 - 12051 ALBA (CN) (non commercial uses only) ® Copyright 2017 aIL CONCORDATO. FEDE IN DIO, GESÙ CRISTO, CHIESA, PRIMATO DI PIETRO. DOTTRINA E ORDINE MORALE. DIRITTO NATURALE. ESORTAZIONE ALLA GIOVENTÙ, SACERDOTI, RELIGIOSI, FEDELI.  aECCLESIOLOGIA